01277naa a22003017a 4500001001000000003000900010005001700019007000300036008003400039040005400073041000900127072000800136090001800144100001600162100001800178100002000196100001600216111009300232245013000325260003700455500012200492650002400614773011900638909003600757942001400793999001900807952014900826BR9503425BR-BrBNA20240918181325.0ta230509b bl.||||| |||| 00| 0 por d aBR-BrBNAbporcBiblioteca Nacional de Agricultura a(Pt) aQ03 aQ03 BR95034251 aPardi, M.C.1 aPanetta, J.C.1 aBarros, G.C. de1 aCalil, R.M.1 a2. Encontro Nacional de Higienistas de AlimentoscSao Paulo, SP (Brazil)d20-23 Oct 19921 aImportancia e desenvolvimento do ensino de higiene e tecnologia dos alimentos no Brasil: as transformacoes para a nova decada3 aSao Paulo, SP (Brasil): c1992.  aAnais do 2. Encontro Nacional de Higienistas de Alimentos Sao Paulo, SP (Brasil): 1992. p. 139-148 (BR9503425-AM)Q03  aHigiene de Alimento0 tAnais do 2. Encontro Nacional de Higienistas de AlimentoswQ03 BR9503425gSao Paulo, SP (Brasil), 1992. p. 139-148 a202404bLuciac55dLucia Elande cAM2AGRIS c324766d324766 002AGRIS40708Acervo Gerala41918b41918cAgrobasel0o5212 BR9903269r2024-05-20t01yAM10d2024-04-11ePortaria Interministerial nÂș 164/94